000 00259nam a2200121Ia 4500
100 _aSchwartz/ M.M.
942 _cRB
654 _amanuals
245 _aMetals joining manuals
260 _bMcGraw Hill
_aNew York
_c1979
082 _a671.5
546 _aENGLISH
999 _c33024
_d33024